00333 a2200133 450000100060000002000150000604000220002110000210004324000350006424500240009930000080012336200090013165000590014059963 a3126755895 cAnchieta - Pituba aEinhorn, Àgnes10aDeutsch mit grips 2ldeu / ger10aDeutsch mit grips 2 a1920 a2003 4aLínguas germânicas (teutônicas) língua alemã